| 000 | 00959nam a22003017a 4500 | ||
|---|---|---|---|
| 001 | 16551826 | ||
| 003 | OSt | ||
| 005 | 20140310182918.0 | ||
| 008 | 101124s2010 ph 000 0 tgl | ||
| 010 | _a 2010338975 | ||
| 020 | _a9789712724589 | ||
| 040 |
_aDLC _cDLC |
||
| 042 | _alcode | ||
| 050 | 0 | 0 |
_aPL 5533 _b.B276 2010 |
| 100 | 1 | _aBarrios, Joi. | |
| 245 | 1 | 0 |
_aBulaklak sa tubig : _bmga tula ng pag-ibig at himagsik = Flowers in water : poems on love and revolt / _cBarrios, Joi |
| 246 | 3 | 1 | _aFlowers in water |
| 260 |
_aPasig City, Philippines : _bPublished and excluively distributed by Anvil Pub., _cc2010. |
||
| 300 |
_a229 p. ; _c19 cm. |
||
| 521 | _ahighschool to college students | ||
| 526 | _c0L to 17000L | ||
| 541 | _j1 | ||
| 546 | _aIn Tagalog. | ||
| 562 | _efor circulation : 1 copy in the collection | ||
| 906 |
_a7 _bcbc _corigode _d4 _encip _f20 _gy-gencatlg |
||
| 942 |
_2lcc _cBK _kF |
||
| 999 |
_c17315 _d17315 |
||